| 000 | 00601nam a22001817a 4500 | ||
|---|---|---|---|
| 003 | UA-OsUOA | ||
| 001 | 11927 | ||
| 007 | ta | ||
| 008 | 20050421b un ||||| |||| 00| 0 ukr d | ||
| 100 | _aМенжулін В. | ||
| 942 | _cSA | ||
| 040 |
_aUA-OsUOA _cUA-OsUOA _dUA-OsUOA |
||
| 245 | _aДо історії взаємовідносин філософії та психіатрії : психоструктуралізм Сільвано Ариеті | ||
| 300 | _aС.30-50 | ||
| 955 | _a0 | ||
| 773 | 0 |
_w0 _tФілософська думка _dКиїв _d2005 _g№2 |
|
| 650 | 7 |
_aПсихіатрія _2UDC |
|
| 999 |
_c298088 _d298088 |
||